000 00877nam a2200217Ia 4500
001 17124
003 GE_BSU
008 181216s||||||||xx |||||||||||||| ||und||
040 _cGE_BSU
080 _a821.353.1-32
100 _aგაბაშვილი, ეკატერინე (1851-1938)
245 _aრჩეული ნაწერები. 2 ტომად. ტ. 1.
245 _cგ. თავზიშვილის რედ., წინასიტყვ. და შენიშვნებით.
260 _aთბილისი
260 _bსახელგამი
260 _c1953
300 _a487 გვ. 23 სმ.
653 _aგლეხკაცების აზრი სასოფლო სკოლაზედ; გაბედნიერება
653 _aრჩეული ნაწერები
942 _cBK
999 _c50186
_d50186